000 00588nam a2200217 i 4500
001 88868
003 ES-MaACL
005 20260209164050.0
007 t|
008 050111s1993 xxk ||||1| eng d
020 _a0-333-45407-3
080 _a960
100 1 _aShillington, Kevin.
_9106123
245 1 0 _aHistory of Africa /
_cKevin Shillington.
250 _a1st. ed, 2ª reprint.
260 _aLondon :
_bMacMillan,
_c1993.
300 _aV, 434 p. :
_bil. ;
_c25 cm.
651 4 _aÁfrica-
_xHistoria
_97595
852 _aES-MaACL
_jE-10706
_bR.135053
999 _c88868
_d88868